书目信息 |
| 题名: |
高情商表达力
|
|
| 作者: | 慕云之 著 | |
| 分册: | ||
| 出版信息: | 上海 文汇出版社 2020.01 |
|
| 页数: | 211页 | |
| 开本: | 21cm | |
| 丛书名: | ||
| 单 册: | ||
| 中图分类: | H0-49 | |
| 科图分类: | ||
| 主题词: | 语言表达--yu yan biao da--通俗读物 | |
| 电子资源: | ||
| ISBN: | 978-7-5496-3073-8 | |
| 000 | 00951nam0 2200241 450 | |
| 001 | CAL 0120192934700 | |
| 005 | 20230217093112.0 | |
| 010 | @a978-7-5496-3073-8@dCNY38.8 | |
| 100 | @a20200328d2020 em y0chiy0120 ea | |
| 101 | 0 | @achi |
| 102 | @aCN@b310000 | |
| 105 | @ay z 000yy | |
| 106 | @ar | |
| 200 | 1 | @a高情商表达力@Agao qing shang biao da li@f慕云之著 |
| 210 | @a上海@c文汇出版社@d2020.01 | |
| 215 | @a211页@d21cm | |
| 314 | @a慕云之, 新浦新区作家协会会员等职。 | |
| 330 | @a本书通过真实的案例, 展示工作、生活、学习中不喜欢沟通的根本原因, 分析不愿意沟通的主要因素, 查找不擅于聊天的各种现象, 揭示不会聊天的诸多危害结果, 解决要会聊天的各种办法。这是一部有指导性、建议性、悦读性的沟通书籍, 给正处于无聊至极不愿开口的千万读者提供了改变自我、成就自我的忠告。 | |
| 606 | 0 | @a语言表达@Ayu yan biao da@j通俗读物 |
| 690 | @aH0-49@v5 | |
| 701 | 0 | @a慕云之@Amu yun zhi@4著 |
| 801 | 0 | @aCN@bBJXHZP@c20230228 |
| 905 | @b1389836-9@dH0-49@e317@f4 | |
| 高情商表达力/慕云之著.-上海:文汇出版社,2020.01 |
| 211页;21cm |
| ISBN 978-7-5496-3073-8:CNY38.8 |
| 本书通过真实的案例, 展示工作、生活、学习中不喜欢沟通的根本原因, 分析不愿意沟通的主要因素, 查找不擅于聊天的各种现象, 揭示不会聊天的诸多危害结果, 解决要会聊天的各种办法。这是一部有指导性、建议性、悦读性的沟通书籍, 给正处于无聊至极不愿开口的千万读者提供了改变自我、成就自我的忠告。 |
| ● |
| 相关链接 |
|
|
|
|
正题名:高情商表达力
索取号:H0-49/317
 
预约/预借
| 序号 | 登录号 | 条形码 | 馆藏地/架位号 | 状态 | 备注 |
| 1 | 1389836 | 213898362 | 第二样本阅览室/ [索取号:H0-49/317] | 在馆 | |
| 2 | 1389837 | 213898371 | 第四借阅区/ [索取号:H0-49/317] | 在馆 | |
| 3 | 1389838 | 213898380 | 第四借阅区/ [索取号:H0-49/317] | 在馆 | |
| 4 | 1389839 | 213898399 | 第四借阅区/ [索取号:H0-49/317] | 在馆 |